| 000 | 00980nam a22003015a 4500 | ||
|---|---|---|---|
| 999 |
_c22881 _d22853 |
||
| 006 | m||||fq||z 00| 0 | ||
| 008 | 161027t2014 ii a frb 001 0 eng d | ||
| 020 | _a8131526151 | ||
| 020 | _a9788131526156 | ||
| 040 |
_aEG-ScBUE _beng _cEG-ScBUE _dEG-ScBUE |
||
| 082 | 0 | 4 |
_a621.395 _bROT _222 |
| 100 | 1 | _aRoth, Charles H. | |
| 245 | 1 | 0 |
_aFundamentals of Logic Design / _cCharles H. Roth And Larry L. Kinney |
| 250 | _a7th ed. | ||
| 260 |
_aNew Delhi : _bCengage Learning, _cc.2014. |
||
| 300 |
_axxiii, 790 p. : _bill. ; _c25 cm. + _e1 CD-ROM (4 3/4 in.) |
||
| 500 | _aIndex : p. 786-791. | ||
| 504 | _aIncludes bibliographical references. | ||
| 590 | _aSuzan Ashmawy and revised by Rahma. | ||
| 650 | 7 |
_2BUEsh _aLogic circuits. _91224 |
|
| 650 | 0 |
_aLogic design _93913 |
|
| 650 | 7 |
_2BUEsh _aBoolean Algebra. |
|
| 650 | 7 |
_2BUEsh _aCircuits Design. |
|
| 651 | _2BUEsh | ||
| 653 |
_bENGELC _cOctober2016 _cNovember2016 |
||
| 700 | 1 | _aKinney, Larry L., | |
| 942 | _2ddc | ||